Sociálne zabezpečenie

Enregistré dans:
Détails bibliographiques
Auteur principal: Rievajová, Eva
Collectivité auteur: Ekonomická univerzita v Bratislave. Národohospodárska fakulta
Autres auteurs: Wolfová, Darina, Sika, Peter, 1975-
Format: Livre
Langue:slovaque
Publié: Bratislava Vydavateľstvo EKONÓM 2003
Sujets:
Tags: Ajouter un tag
Pas de tags, Soyez le premier à ajouter un tag!

MARC

LEADER 00000nam a2200000 4500
001 c142959
005 20221108125017.3
020 |a 80-225-1683-X 
041 0 |a slo 
044 |a SK 
245 1 0 |a Sociálne zabezpečenie  |c Eva Rievajová a kolektív 
264 1 |a Bratislava  |b Vydavateľstvo EKONÓM  |c 2003 
300 |a 183 s. 
610 2 0 |a zabezpečenie sociálne 
610 2 0 |a nástroje politiky sociálnej 
610 2 0 |a financovanie 
610 2 0 |a regulácia 
610 2 0 |a demografia 
610 2 0 |a minimum existenčné 
610 2 0 |a mzdy minimálne 
610 2 0 |a reformy sociálne 
610 2 0 |a poistenie sociálne 
610 2 0 |a poistenie nemocenské 
610 2 0 |a zabezpečenie dôchodkové 
610 2 0 |a poistenie dôchodkové doplnkové 
610 2 0 |a porovnanie medzinárodné 
610 2 0 |a úrazy pracovné 
610 2 0 |a podpory 
610 2 0 |a pomoc sociálna 
610 2 0 |a rodina 
100 1 |a Rievajová, Eva 
700 1 |a Wolfová, Darina 
700 1 |a Sika, Peter, 1975- 
710 2 |a Ekonomická univerzita v Bratislave. Národohospodárska fakulta